|
|
|
|
| LEADER |
00000nam a2200000 a 4500 |
| 001 |
vtls011473185 |
| 003 |
SK-MaSNL |
| 005 |
20260301091943.0 |
| 008 |
240318s2013 xo oa e 000 0 slo |
| 015 |
|
|
|a SNBA2016/03
|
| 020 |
|
|
|a 9788096901289
|q (brož.)
|
| 035 |
|
|
|a urn:nbn:sk:snk-am00bb2b
|
| 035 |
|
|
|a urn:nbn:sk:snk-am3h94b
|
| 035 |
|
|
|a 01B2A551-400E-40B9-B240-37B035CA76AB
|
| 040 |
|
|
|a SNK
|b slo
|c SNK
|e AACR2
|
| 041 |
0 |
|
|a slo
|
| 044 |
|
|
|a xo
|c SK
|
| 072 |
|
7 |
|a 351
|x Úlohy verejnej správy, správne opatrenia. Legislatíva
|2 konspekt
|
| 072 |
|
7 |
|a 656.1/.5
|x Pozemná doprava
|2 konspekt
|
| 080 |
|
|
|a 351.811.122
|2 2011
|
| 080 |
|
|
|a 656.1.051
|2 2011
|
| 080 |
|
|
|a 629.072
|2 2001
|
| 080 |
|
|
|a 629.02
|2 2011
|
| 080 |
|
|
|a (079.1)
|2 2011
|
| 080 |
|
|
|a (075)
|2 2001
|
| 100 |
1 |
|
|a Martinec, Miroslav
|4 aut
|9 292854
|
| 245 |
1 |
0 |
|a Učebnica pre žiadateľa o udelenie vodičského oprávnenia
|b [kontrolné testy : aktualizované vydanie 2013] : základná učebnica s predpismi o cestnej premávke podľa zákona č. 8/2009 Z. z. o cestnej premávke a vyhlášky MV SR č. 9/2009 Z. z., ktorou sa vykonávajú niektoré ustanovenia zákona č. 8/2009 Z. z.
|c Miroslav Martinec, Ján Bugár, Karol Kálig
|
| 250 |
|
|
|a 3. vyd.
|
| 260 |
|
|
|a Nitra
|b B design
|c 2013
|
| 300 |
|
|
|a 263 s.
|b fotogr., sch., tab., zn.
|c 30 cm
|
| 650 |
0 |
7 |
|a pravidlá cestnej premávky
|2 SNKPH
|9 67981
|
| 650 |
0 |
7 |
|a riadenie motorových vozidiel
|2 SNKPH
|9 58071
|
| 650 |
0 |
7 |
|a konštrukcie dopravných prostriedkov
|2 SNKPH
|9 69405
|
| 650 |
0 |
7 |
|a Traffic regulations
|2 SNKPHeng
|9 287359
|
| 650 |
0 |
7 |
|a Motor vehicle driving motor
|2 SNKPHeng
|9 303178
|
| 650 |
0 |
7 |
|a Vehicle construction
|2 SNKPHeng
|9 303024
|
| 655 |
|
7 |
|a testy
|2 SNKPH
|9 70500
|
| 655 |
|
7 |
|a učebnice
|2 SNKPH
|9 22521
|
| 655 |
|
7 |
|a Tests
|2 SNKPHeng
|9 303179
|
| 655 |
|
7 |
|a Textbooks
|2 SNKPHeng
|9 276731
|
| 700 |
1 |
|
|a Bugár, Ján
|4 aut
|9 6745
|
| 700 |
1 |
|
|a Kálig, Karol,
|d 1949-
|4 aut
|9 11627
|
| 919 |
|
|
|a 978-80-969012-8-9
|
| 999 |
|
|
|c 672637
|d 674567
|
| 952 |
|
|
|a SNK
|b SNK
|y PREZ
|7 0
|p 17A1180562
|o snkSB 89585
|i snk2016/4167
|8 0
|0 0
|1 0
|4 0
|d 2016-02-16
|f 1
|l 0
|r 2025-05-12 00:00:00
|w 2026-02-23
|
| 952 |
|
|
|a SNK
|b SNK
|y VYP
|7 0
|p 17A1125517
|o snkSB 89585 D1
|i snk2016/27153
|8 1
|0 0
|1 0
|4 0
|d 2016-11-23
|l 0
|r 2026-02-23 19:31:37
|w 2026-02-23
|